El amor en los tiempos del cólera
Tallennettuna:
| Päätekijä: | |
|---|---|
| Aineistotyyppi: | Kirja |
| Kieli: | espanja |
| Julkaistu: |
Buenos Aires
Sudamericana
1985
|
| Aiheet: | |
| Tagit: |
Lisää tagi
Ei tageja, Lisää ensimmäinen tagi!
|
MARC
| LEADER | 00000nam a2200000 a 4500 | ||
|---|---|---|---|
| 001 | UCN0956 | ||
| 003 | CL-VaPUC | ||
| 008 | 010406e19850000AG |||||||||||||||||spa|d | ||
| 082 | 0 | 4 | |a Co863 |b GAR |2 21 |
| 100 | 0 | |a García Márquez, Gabriel |e author |9 318478 | |
| 245 | 1 | 3 | |a El amor en los tiempos del cólera |
| 300 | |a 451 p | ||
| 942 | |c BK | ||
| 945 | |d 20010406 00:00:00 |a vberengu | ||
| 260 | |a Buenos Aires |b Sudamericana |c 1985 | ||
| 650 | 0 | |a Novelas colombianas |9 266734 | |
| 650 | 0 | |a Literatura colombiana |9 315578 | |
| 583 | |a last modification |c 20010406 00:00:00 |k Rodrigo Vera | ||
| 999 | |c 294567 |d 294565 | ||
| 952 | |0 0 |1 0 |4 0 |6 CO_863_000000000000000_GAR_1985 |7 0 |8 R |9 347067 |a BIBEDU |b BIBEDU |c MCIRC |d 2019-11-20 |i 3712389 |l 3 |m 2 |o Co863 GAR 1985 |p 3712389 |r 2024-11-13 |s 2024-11-06 |w 2019-11-20 |y BK_R |k LIT | ||